| 000 | 00502nam a22001937a 4500 | ||
|---|---|---|---|
| 003 | OSt | ||
| 005 | 20140310184510.0 | ||
| 008 | 131014t xxu||||| |||| 00| 0 eng d | ||
| 010 | _a9780439692137 | ||
| 050 |
_aPZ 7 _b.M478 2004 |
||
| 100 |
_aMcDaniels, Lurelene _929168 |
||
| 245 |
_aSix months to live / _cLurlene McDaniels |
||
| 260 |
_aNew York : _bScholastic, Inc., _cc2004. |
||
| 300 |
_a136 p. ; _c18 cm. |
||
| 521 | _aG4 | ||
| 526 | _c650 | ||
| 942 |
_2lcc _cBK-SCHOLAS |
||
| 999 |
_c34892 _d34892 |
||